[Event "SLO-ch U14"]
[Site "Rogaska Slatina"]
[Date "2009.02.27"]
[Round "9"]
[White "Blaznik, Nejc"]
[Black "Cvek, Jernej"]
[Result "1-0"]
[WhiteElo "1500"]
[BlackElo "1500"]
[PlyCount "30"]
[EventDate "2009.02.22"]
[EventType "swiss"]
[EventRounds "9"]
[EventCountry "SLO"]
[SourceTitle "CBM 129 Extra"]
[Source "ChessBase"]
[SourceDate "2009.05.05"]
[SourceVersion "2"]
[SourceVersionDate "2009.05.20"]
[SourceQuality "1"]

1. e4 e5 2. Nf3 Nc6 3. Bc4 Qf6 4. d3 h6 5. 0-0 d6 6. h3 Bd7 7. Nc3 0-0-0 8. Be3 Re8 9. Nd5 Qd8 10. c3 Nf6 11. Qa4 Kb8 12. Nb4 b6 13. Qxc6 Bxc6 14. Nxc6+ Kc8 15. Nxd8 Kxd8 1-0

[Event "SLO-ch U14"]
[Site "Rogaska Slatina"]
[Date "2009.02.26"]
[Round "8"]
[White "Vida, Dorian"]
[Black "Cvek, Jernej"]
[Result "1-0"]
[WhiteElo "1526"]
[BlackElo "1500"]
[PlyCount "27"]
[EventDate "2009.02.22"]
[EventType "swiss"]
[EventRounds "9"]
[EventCountry "SLO"]
[SourceTitle "CBM 129 Extra"]
[Source "ChessBase"]
[SourceDate "2009.05.05"]
[SourceVersion "2"]
[SourceVersionDate "2009.05.20"]
[SourceQuality "1"]

1. e4 e5 2. f4 exf4 3. Nf3 Nf6 4. Nc3 Bb4 5. d3 0-0 6. Bxf4 d6 7. Be2 Bg4 8. 0-0 Nh5 9. Bg5 f6 10. Bh4 Nc6 11. h3 Be6 12. Nd2 Bf7 13. Bxh5 Bxh5 14. Qxh5 1-0

[Event "SLO-ch U14"]
[Site "Rogaska Slatina"]
[Date "2009.02.23"]
[Round "3"]
[White "Cvek, Jernej"]
[Black "Lucovnik, Tilen"]
[Result "0-1"]
[WhiteElo "1500"]
[BlackElo "1587"]
[PlyCount "46"]
[EventDate "2009.02.22"]
[EventType "swiss"]
[EventRounds "9"]
[EventCountry "SLO"]
[SourceTitle "CBM 129 Extra"]
[Source "ChessBase"]
[SourceDate "2009.05.05"]
[SourceVersion "2"]
[SourceVersionDate "2009.05.20"]
[SourceQuality "1"]

1. e4 c5 2. Nc3 e6 3. Nf3 a6 4. b3 Nf6 5. Bb2 Be7 6. Bc4 b5 7. Be2 0-0 8. 0-0 b4 9. Na4 Nxe4 10. Bd3 Bb7 11. Re1 f5 12. a3 d6 13. Re3 Bh4 14. g3 Bg5 15. Re2 h5 16. Nxg5 Qxg5 17. h4 Qg4 18. Re3 Qh3 19. g4 Qxh4 20. Qf3 fxg4 21. Bxe4 gxf3 22. Bxb7 Qg4+ 23. Kh1 Qg2# 0-1